[Event "QA-ANNIV-04"]
[Site "http://www.queenalice.com/game.php?id=578071"]
[Date "2009.4.26"]
[Round "5"]
[White "lrmaster"]
[Black "Mutreta"]
[Result "1/2-1/2"]
[WhiteElo "2055"]
[BlackElo "1988"]

1. e4 e5 2. Nf3 Nc6 3. d4 exd4 4. Nxd4 Bc5 5. Nxc6 Qf6 6. f3 Qxc6 7. Nc3 Ne7 8.
a3 O-O 9. Bb5 Qf6 10. Nd5 Nxd5 11. Qxd5 Qb6 12. Bc4 d6 13. Qd2 Be6 14. Bxe6 fxe6
15. b4 Bd4 16. c3 Be5 17. Kf1 Qc6 18. Bb2 Qxe4 19. Qe2 Qc6 20. Rc1 a5 21. h3 b5
22. Kf2 Qb6+ 23. Kf1 Rf5 24. Re1 Raf8 25. Qe3 R5f6 26. Qxb6 cxb6 27. Re2 Rf5 28.
Kf2 R5f6 29. Rd1 Rg6 30. Rd3 Bg3+ 31. Kf1 Rc8 32. Bc1 Be5 33. Bd2 Rf6 34. Re4 h6
35. Kg1 Rc4 36. Re2 g5 37. Be1 Kg7 38. g3 Kf7 39. Kg2 Ke7 40. h4 Rf5 41. g4 Rf6
42. hxg5 hxg5 43. Kg1 Rf8 44. Kg2 Kf7 45. Bd2 Rg8 46. Be1 1/2-1/2

[Event "QA-ANNIV-05"]
[Site "http://www.queenalice.com/game.php?id=604147"]
[Date "2009.6.15"]
[Round "1"]
[White "alexsoncini"]
[Black "Mutreta"]
[Result "0-1"]
[WhiteElo "2004"]
[BlackElo "1948"]

1. d4 d5 2. e3 Nc6 3. c4 dxc4 4. Bxc4 e6 5. Nc3 Bb4 6. Qg4 Bxc3+ 7. bxc3 Qf6 8.
Qf3 Qxf3 9. Nxf3 b6 10. Bb5 Bb7 11. Ne5 Ne7 12. Ba3 a6 13. Bxc6+ Nxc6 14. Nxc6
Bxc6 15. f3 Bb5 16. Kd2 Bc4 17. e4 O-O-O 18. Ke3 Rhe8 19. Bb2 Kb7 20. h4 e5 21.
Kf2 f5 22. Rhe1 fxe4 23. fxe4 Re6 24. Re3 Rde8 25. d5 Rh6 26. g3 c6 27. dxc6+
Kxc6 28. a4 a5 29. Rf3 Rd6 30. Ba3 Rd2+ 31. Kg1 Re2 32. Rd1 Rxe4 33. Rf8 Rxf8
34. Bxf8 Bb3 35. Bxg7 Bxd1 0-1

[Event "CARO KANN  E4 C6"]
[Site "http://www.queenalice.com/game.php?id=631272"]
[Date "2009.8.5"]
[Round "2"]
[White "Mutreta"]
[Black "rxk"]
[Result "1-0"]
[WhiteElo "1966"]
[BlackElo "1862"]

1. e4 c6 2. d4 e6 3. Nc3 Bb4 4. Bd2 Nf6 5. Nf3 O-O 6. a3 Ba5 7. b4 Bc7 8. e5 Ne8
9. Bd3 g6 10. O-O d5 11. Bh6 Ng7 12. Qd2 Qd7 13. h3 Bd8 14. Ng5 Be7 15. b5 Qd8
16. a4 Nd7 17. Ne2 c5 18. dxc5 Bxc5 19. Qf4 Be7 20. c4 Nxe5 21. Qxe5 f6 22. Qd4
e5 23. Qxd5+ Qxd5 24. cxd5 fxg5 25. Ng3 Rf7 26. Ne4 g4 27. hxg4 Bxg4 28. Ng5
Rff8 29. Ne6 Bxe6 30. dxe6 Rfd8 31. Bc4 Nf5 32. Bc1 Kg7 33. Bb2 Bf6 34. Rad1
Rxd1 35. Rxd1 Nd4 36. f4 Nc2 37. Rd7+ Kf8 38. Rf7+ 1-0

[Event "QA-ANNIV-04"]
[Site "http://www.queenalice.com/game.php?id=644206"]
[Date "2009.8.29"]
[Round "6"]
[White "Mutreta"]
[Black "Ghenov"]
[Result "1-0"]
[WhiteElo "1978"]
[BlackElo "2109"]

1. e4 e5 2. Nf3 Nf6 3. Nc3 Bb4 4. Nxe5 O-O 5. Bd3 Re8 6. Nf3 d5 7. O-O dxe4 8.
Nxe4 Nxe4 9. Bxe4 Rxe4 10. c3 Bd6 11. d3 Re7 12. b4 c6 13. Bb2 a5 14. a3 axb4
15. axb4 Rxa1 16. Bxa1 Bg4 17. h3 Bh5 18. g4 Bg6 19. Nd4 Bc7 20. Qd2 b5 21. f4
f6 22. c4 bxc4 23. dxc4 Qe8 24. Kg2 Bf7 25. Qc1 Nd7 26. Kh2 Re3 27. Qc2 Ne5 28.
Bc3 Bg6 29. f5 Nxg4+ 30. Kg1 Rg3+ 31. Kh1 1-0

[Event "QA-ANNIV-05"]
[Site "http://www.queenalice.com/game.php?id=654429"]
[Date "2009.9.18"]
[Round "2"]
[White "pony"]
[Black "Mutreta"]
[Result "0-1"]
[WhiteElo "2184"]
[BlackElo "1999"]

1. Nf3 e6 2. d4 Nf6 3. e3 d5 4. Bd3 c5 5. b3 cxd4 6. exd4 Nc6 7. a3 Bd6 8. Nbd2
O-O 9. Bb2 Qc7 10. O-O Ng4 11. h3 Nf6 12. Re1 Bf4 13. c4 Bd7 14. Ne5 dxc4 15.
bxc4 Rfd8 16. Ndf3 Rac8 17. Qe2 Qb6 18. Nxd7 Rxd7 19. d5 exd5 20. Bxf6 gxf6 21.
cxd5 Rxd5 22. Qe4 Rxd3 23. Qxd3 Bg3 24. Re3 Bxf2+ 25. Kxf2 Qb2+ 26. Qd2 Qxa1 27.
Re4 Qxa3 28. Rg4+ Kh8 29. Qd7 Qc5+ 30. Kg3 Ne5 31. Nxe5 Qxe5+ 32. Kh4 Rg8 33.
Qxb7 Rg5 34. Qxf7 Qe1+ 35. g3 Rxg4+ 36. Kxg4 Qe4+ 37. Kh5 Qf5+ 0-1

[Event "QA-ANNIV-04"]
[Site "http://www.queenalice.com/game.php?id=695063"]
[Date "2009.12.9"]
[Round "7"]
[White "Mutreta"]
[Black "marcosnatal"]
[Result "1-0"]
[WhiteElo "2034"]
[BlackElo "2255"]

1. e4 e5 2. Nf3 Nc6 3. Bc4 Nf6 4. Nc3 Nxe4 5. O-O Nxc3 6. dxc3 f6 7. Re1 Bc5 8.
Qd5 Qe7 9. b4 Bb6 10. a4 a5 11. b5 Nd8 12. Ba3 d6 13. Rad1 Be6 14. Qd3 Bxc4 15.
Qxc4 Qf7 16. Nd2 O-O 17. Qxf7+ Nxf7 18. Nc4 Bc5 19. Bxc5 dxc5 20. Rd7 Rfc8 21.
f4 exf4 22. Ree7 Rf8 23. Rxc7 Rad8 24. Nxa5 Rd1+ 25. Kf2 Rd2+ 26. Kf1 b6 27. Nc4
Rxc2 28. Nxb6 Rxc3 29. Nd7 Rd8 30. Nxc5 Rc1+ 31. Kf2 Rd2+ 32. Re2 Rxe2+ 33. Kxe2
Nd6 34. Rc6 Nf5 35. Rc8+ Kf7 36. b6 Nd4+ 37. Kd3 Ne6 38. b7 Nxc5+ 39. Rxc5 Rxc5
40. b8=Q Re5 41. Qc7+ Kg6 42. Kd4 h6 43. a5 Rb5 44. Kd3 Re5 45. Qb6 h5 46. a6 f3
47. gxf3 Re1 48. a7 Ra1 49. Qb7 Ra3+ 50. Ke2 Ra2+ 51. Kf1 Ra1+ 52. Kg2 h4 53.
a8=Q Rxa8 54. Qxa8 Kg5 55. Qe4 f5 56. Qe7+ Kf4 57. Qxh4+ Ke5 58. Kg3 g6 59. Qf4+
Kf6 60. h4 1-0

[Event "nekooo fiuuuuuuuuuuu"]
[Site "http://www.queenalice.com/game.php?id=710315"]
[Date "2010.1.8"]
[Round "-"]
[White "Mutreta"]
[Black "nekaun"]
[Result "1-0"]
[WhiteElo "2059"]
[BlackElo "1387"]

1. e4 e5 2. Nf3 Nc6 3. Nc3 Na5 4. a3 c5 5. b3 d6 6. Bb5+ Bd7 7. b4 a6 8. Bxd7+
Qxd7 9. O-O Nc4 10. Nd5 Nf6 11. d3 Nxd5 12. exd5 Be7 13. dxc4 e4 14. Nd2 b5 15.
cxb5 Qxb5 16. bxc5 dxc5 17. c4 Qd7 18. Nxe4 a5 19. d6 Bd8 20. Nxc5 Qc6 21. Qe2+
Kf8 22. d7 Be7 23. Ne4 Qxd7 24. Bg5 f6 25. Rfd1 Qe6 26. Qf3 f5 27. Bxe7+ Qxe7
28. Qxf5+ Ke8 29. Nd6+ Kd8 30. Nf7+ Kc7 31. Nxh8 Rxh8 32. Qxa5+ Kc8 33. Qa8+ Kc7
34. Qa7+ Kc6 35. Qxe7 Rb8 36. Qd6+ Kb7 37. Rab1+ Ka7 38. Qxb8+ Ka6 39. Qb6# 1-0

[Event "aaaaaaçççç''cçuuuuuuuuuuuuu"]
[Site "http://www.queenalice.com/game.php?id=710316"]
[Date "2010.1.8"]
[Round "-"]
[White "Mutreta"]
[Black "Gansothedark"]
[Result "1-0"]
[WhiteElo "2034"]
[BlackElo "1569"]

1. e4 e5 2. Nf3 d6 3. d4 Nc6 4. dxe5 Bg4 5. exd6 cxd6 6. Be2 Nf6 7. e5 Bxf3 8.
Bxf3 Nxe5 9. Bxb7 Qa5+ 10. Qd2 Qxd2+ 11. Bxd2 Rb8 12. Bd5 Nxd5 13. b3 Be7 14.
Nc3 Nxc3 15. Bxc3 O-O 16. O-O-O Rfc8 17. Bb2 Rc7 18. Rhe1 Ng4 19. Rd2 Nxh2 20.
Rde2 Ng4 21. Rxe7 Rxe7 22. Rxe7 Nxf2 23. Bd4 Ng4 24. Bxa7 Kf8 25. Rd7 Ra8 26.
Kb2 Ne3 27. Bxe3 1-0

[Event "QA-ANNIV-05"]
[Site "http://www.queenalice.com/game.php?id=723875"]
[Date "2010.2.1"]
[Round "3"]
[White "Mutreta"]
[Black "Caronte"]
[Result "0-1"]
[WhiteElo "2036"]
[BlackElo "2543"]

1. e4 c5 2. Nf3 d6 3. Bb5+ Nc6 4. d4 cxd4 5. Nxd4 Bd7 6. Nxc6 bxc6 7. Ba4 g6 8.
Bd2 Bg7 9. Bc3 Nf6 10. Nd2 O-O 11. O-O Qb6 12. b3 Be6 13. e5 Ng4 14. h3 Ne3 15.
fxe3 Qxe3+ 0-1

[Event "Challenge"]
[Site "http://www.queenalice.com/game.php?id=725600"]
[Date "2010.2.4"]
[Round "-"]
[White "Gansothedark"]
[Black "Mutreta"]
[Result "0-1"]
[WhiteElo "1571"]
[BlackElo "2061"]

1. e4 e5 2. Nf3 Nc6 3. Bc4 Nf6 4. Ng5 d5 5. Bd3 dxe4 6. Nxe4 Nxe4 7. Bxe4 Bd7 8.
O-O Bd6 9. Nc3 Be6 10. Qf3 O-O 11. Bxc6 bxc6 12. Qxc6 Qd7 13. Qe4 Bf5 14. Qd5
Bxc2 15. d3 Ba4 16. Bd2 Bc6 17. Qb3 Qg4 18. f3 Qg6 19. Nd5 Rab8 20. Qc4 Bxd5 21.
Qxd5 Rxb2 22. Rf2 Qh5 23. Bc3 Rxf2 24. Kxf2 Qxh2 25. d4 exd4 26. Qxd4 Qg3+ 27.
Ke2 Qxg2+ 28. Kd3 Qxf3+ 29. Kc4 f6 30. Rg1 a6 31. Qh4 Qf4+ 32. Qxf4 Bxf4 33. Ba5
Re8 34. Rd1 h5 35. Rd7 Rc8 36. Kc5 Kh7 37. Kc6 h4 38. Rd1 g5 39. Rd7+ Kg6 40.
Rd1 h3 41. Rh1 g4 42. Be1 Re8 43. Bf2 Re2 44. Rh2 Bxh2 45. Bd4 Rxa2 46. Bxf6
Kxf6 47. Kc5 g3 48. Kc6 g2 49. Kb7 Rc2 50. Kxa6 g1=Q 51. Kb7 Qb6+ 52. Kc8 c5 53.
Kd7 Qc7+ 54. Ke8 Qe7# 0-1

[Event "CARO KANN  E4 C6"]
[Site "http://www.queenalice.com/game.php?id=739255"]
[Date "2010.3.1"]
[Round "3"]
[White "Kzar"]
[Black "Mutreta"]
[Result "0-1"]
[WhiteElo "2040"]
[BlackElo "2063"]

1. e4 c6 2. c4 d5 3. exd5 cxd5 4. d4 Nf6 5. Nc3 e6 6. Nf3 Bd6 7. c5 Bc7 8. Bd3
O-O 9. O-O Nc6 10. Bg5 h6 11. Bh4 g5 12. Bg3 Bxg3 13. fxg3 Qe7 14. Bc2 b6 15.
Ne5 Nxe5 16. dxe5 Nd7 17. Qd3 f5 18. exf6 Nxf6 19. cxb6 axb6 20. Rae1 Ba6 21.
Qg6+ Qg7 22. Rf2 Qxg6 23. Bxg6 Kg7 24. Bc2 d4 25. Nb1 e5 26. Rxe5 Rae8 27. Rxe8
Rxe8 28. h3 Re1+ 29. Kh2 d3 30. Nc3 dxc2 31. Rxc2 Re3 32. Na4 Re6 33. Kg1 Nd5
34. a3 Bb5 35. Nc3 Re1+ 36. Kf2 Rf1# 0-1

[Event "QA-ANNIV-05"]
[Site "http://www.queenalice.com/game.php?id=758963"]
[Date "2010.4.10"]
[Round "4"]
[White "Mutreta"]
[Black "kanibal"]
[Result "1-0"]
[WhiteElo "2078"]
[BlackElo "1558"]

1. e4 d5 2. exd5 Qxd5 3. Nf3 Bg4 4. Be2 c6 5. O-O Bxf3 6. Bxf3 Qd6 7. Nc3 e5 8.
Ne4 Qd7 9. c3 Be7 10. d4 exd4 11. Qxd4 Qc7 12. Rd1 Nf6 13. Nxf6+ Bxf6 14. Bf4
Qc8 15. Re1+ Be7 16. Bd6 c5 17. Rxe7+ Kd8 18. Bxc5+ Nd7 19. Bg4 b6 20. Qxd7+
Qxd7 21. Rxd7+ Ke8 22. Re1# 1-0

[Event "QA-ANNIV-04"]
[Site "http://www.queenalice.com/game.php?id=762154"]
[Date "2010.4.16"]
[Round "8"]
[White "Pinone"]
[Black "Mutreta"]
[Result "1-0"]
[WhiteElo "2463"]
[BlackElo "2080"]

1. d4 Nf6 2. Bg5 d5 3. Bxf6 gxf6 4. e3 e5 5. Nc3 Bb4 6. Qh5 Be6 7. Ne2 c6 8.
O-O-O O-O 9. e4 dxe4 10. Nxe4 Nd7 11. N2g3 Kh8 12. Bd3 Rg8 13. Ng5 Rg7 14. Nxh7
Kg8 15. dxe5 fxe5 16. Bf5 Be7 17. h4 Bc5 18. Rxd7 Bxd7 19. Ne4 Bxf5 20. Nef6+
Kh8 21. Ng5+ Bh7 22. Ngxh7 1-0

[Event "QA-ANNIV-05"]
[Site "http://www.queenalice.com/game.php?id=793756"]
[Date "2010.6.23"]
[Round "5"]
[White "jmgk"]
[Black "Mutreta"]
[Result "0-1"]
[WhiteElo "2294"]
[BlackElo "2080"]

1. e4 e5 2. f4 exf4 3. Nf3 d6 4. d4 Nf6 5. Nc3 d5 6. exd5 Nxd5 7. Nxd5 Qxd5 8.
Bxf4 Qe4+ 9. Qe2 Qxe2+ 10. Bxe2 Bd6 11. Bxd6 cxd6 12. O-O O-O 13. Bc4 h6 14.
Rae1 Bd7 15. Nh4 b5 16. Bb3 Kh7 17. Re7 f6 0-1

[Event "CARO KANN  E4 C6"]
[Site "http://www.queenalice.com/game.php?id=798959"]
[Date "2010.7.5"]
[Round "4"]
[White "Mutreta"]
[Black "Guarani"]
[Result "1-0"]
[WhiteElo "2128"]
[BlackElo "2061"]

1. e4 e5 2. Nc3 c5 3. Nf3 Nc6 4. Bb5 d6 5. O-O Bd7 6. d3 Be7 7. Nd5 a6 8. Bxc6
bxc6 9. Nxe7 Nxe7 10. a4 Bg4 11. h3 Bh5 12. Qe2 O-O 13. Qe3 f5 14. Re1 fxe4 15.
dxe4 Bxf3 16. gxf3 Ng6 17. Qg5 Rxf3 18. Qxd8+ Rxd8 19. Be3 Rxh3 20. Red1 Kf7 21.
Bxc5 Ke6 22. Ra3 Rh4 23. Rad3 d5 24. f3 Nf4 25. Rb3 Ne2+ 26. Kg2 g5 27. Rb6 Nf4+
28. Kg1 Kd7 29. Rxa6 g4 30. exd5 cxd5 31. Ra7+ Kc6 32. Be7 Rg8 33. Bxh4 gxf3+
34. Kf2 e4 35. Ra6+ Kb7 36. Rh6 Nh3+ 37. Ke3 Rg2 38. Rxh7+ Kc6 39. Rh6+ Kc7 40.
Rxd5 Re2+ 41. Kd4 e3 42. Bg3+ 1-0

[Event "QA-ANNIV-05"]
[Site "http://www.queenalice.com/game.php?id=841332"]
[Date "2010.10.3"]
[Round "6"]
[White "Mutreta"]
[Black "simonjscott"]
[Result "1-0"]
[WhiteElo "2118"]
[BlackElo "2036"]

1. e4 c5 2. Nf3 g6 3. Nc3 Bg7 4. Bc4 Nc6 5. O-O e6 6. a3 Nf6 7. d4 cxd4 8. Nxd4
O-O 9. Nxc6 bxc6 10. Bg5 Qc7 11. Qf3 Nxe4 12. Nxe4 d5 13. Nf6+ Bxf6 14. Qxf6
dxc4 15. Bh6 1-0

[Event "CARO KANN  E4 C6"]
[Site "http://www.queenalice.com/game.php?id=853977"]
[Date "2010.11.3"]
[Round "5"]
[White "XtremeLM"]
[Black "Mutreta"]
[Result "1/2-1/2"]
[WhiteElo "1925"]
[BlackElo "2138"]

1. e4 Nc6 2. d4 e6 3. Nf3 d5 4. e5 Nge7 5. a3 f6 6. Nc3 fxe5 7. dxe5 Ng6 8. Bg5
Be7 9. Bxe7 Qxe7 10. Bd3 Ngxe5 11. Nxe5 Nxe5 12. Be2 O-O 13. O-O Bd7 14. Qd2 Qc5
15. Rad1 Qb6 16. Qd4 Qxd4 17. Rxd4 c6 18. Re1 c5 19. Rd2 Rf5 20. Bb5 Bxb5 21.
Nxb5 Rg5 22. Kf1 Nc4 23. Rde2 Nxb2 24. Nc7 Rc8 25. Nxe6 Rf5 26. Rb1 Nc4 27. Rxb7
Rf7 28. Rb5 Nxa3 29. Ra5 Nc4 30. Rxc5 Rxc5 31. Nxc5 Rc7 32. Ne6 Rc6 33. Ng5 Rc8
34. Re7 a5 35. Ne6 g6 36. Nf4 Nb6 37. Ra7 Rf8 38. g3 a4 39. Ra6 Rb8 40. Nd3 Kf7
1/2-1/2

[Event "QA-ANNIV-05"]
[Site "http://www.queenalice.com/game.php?id=885926"]
[Date "2011.1.13"]
[Round "7"]
[White "Elcid"]
[Black "Mutreta"]
[Result "1-0"]
[WhiteElo "2061"]
[BlackElo "2132"]

1. Nf3 e6 2. g3 Nf6 3. c4 d5 4. d4 dxc4 5. Bg2 g6 6. Qc2 Bg7 7. O-O O-O 8. Qxc4
a6 9. Nc3 Nc6 10. Rd1 Nd5 11. e4 Nb6 12. Qd3 e5 13. Nxe5 Bxe5 14. dxe5 Qxd3 15.
Rxd3 Nxe5 16. Rd4 c5 17. Rd6 Nbc4 18. Rd5 b6 19. b3 Bb7 20. Rd1 Na5 21. Bf4 Rfe8
22. Na4 Re6 23. Bxe5 Rxe5 24. Nxb6 Rae8 25. Nd7 R5e6 26. Nxc5 R6e7 27. Rac1 Bc8
28. e5 Bb7 29. Nd7 Kg7 30. Bxb7 Nxb7 31. Rc7 Nd8 32. Nf6 Ne6 33. Nxe8+ Rxe8 34.
Ra7 Nf8 35. f4 g5 36. Rd6 h6 37. Rf6 gxf4 38. Rfxf7+ Kh8 39. gxf4 Kg8 40. Rf6
1-0

[Event "QA-ANNIV-05"]
[Site "http://www.queenalice.com/game.php?id=921188"]
[Date "2011.4.3"]
[Round "8"]
[White "Constante"]
[Black "Mutreta"]
[Result "1/2-1/2"]
[WhiteElo "2083"]
[BlackElo "2118"]

1. e4 e5 2. Nf3 Nc6 3. Bb5 d6 4. d4 exd4 5. Nxd4 Bd7 6. Nc3 Nxd4 7. Qxd4 Bxb5 8.
Nxb5 c6 9. Nc3 Qf6 10. Be3 Qxd4 11. Bxd4 c5 12. Be3 Nf6 13. O-O-O a6 14. Rhe1
Be7 15. Bg5 O-O 16. e5 dxe5 17. Rxe5 Rfe8 18. Rde1 Bd6 19. Rxe8+ Rxe8 20. Rxe8+
Nxe8 21. h3 f6 22. Be3 b5 23. Ne4 c4 24. Bd4 Kf7 25. f3 h5 26. b3 g6 27. Kd1 Ke6
28. Ke2 f5 29. Nd2 Kd5 30. Bb2 Bb4 31. Nb1 Nc7 32. Bf6 Ne6 33. Ke3 Bc5+ 34. Ke2
Nf4+ 35. Kf1 Ke6 36. Bg7 Nd5 37. c3 cxb3 38. axb3 a5 39. Bd4 Bxd4 40. cxd4 Ne3+
41. Kf2 Nc2 42. Nd2 Kd5 43. Ke2 Kxd4 44. Nb1 b4 45. Kd2 Ne3 46. g4 fxg4 47. fxg4
hxg4 48. hxg4 Nxg4 49. Ke2 Ne3 50. Nd2 g5 51. Nf3+ Ke4 52. Nxg5+ Kd4 53. Kd2 Nf5
54. Nf3+ Ke4 55. Ng5+ Kd4 56. Nf3+ Kd5 57. Kd3 Ne7 58. Nd4 Ng6 59. Ne2 Ne5+ 60.
Ke3 Ng6 61. Kd3 1/2-1/2

[Event "QA-ANNIV-05"]
[Site "http://www.queenalice.com/game.php?id=953525"]
[Date "2011.6.24"]
[Round "9"]
[White "Mutreta"]
[Black "Eduardomoreto67"]
[Result "0-1"]
[WhiteElo "2117"]
[BlackElo "2159"]

1. e4 c5 2. Nf3 e6 3. d4 cxd4 4. Nxd4 Nf6 5. Nc3 Nc6 6. Be2 Bb4 7. Nxc6 bxc6 8.
O-O Bxc3 9. bxc3 h6 10. e5 Nd5 11. Qd4 Qb6 12. Ba3 Qxd4 13. cxd4 Nc3 14. Bd3 a5
15. Bd6 Nb5 16. Bxb5 cxb5 17. Rfb1 Ba6 18. a4 b4 19. c3 bxc3 20. Rc1 Rc8 21. Ra2
f5 22. Rac2 Rc4 23. h3 Rxd4 24. Rxc3 Kf7 25. Ra1 Rc8 26. Bc7 g5 27. Bxa5 Rdc4
28. Rxc4 Rxc4 29. Bb6 Ke7 30. a5 d5 31. Kh2 Kd7 32. Rb1 Re4 33. Rc1 Rxe5 34. f3
d4 35. Rc7+ Kd6 36. Bxd4 Rxa5 37. Ra7 Ra2 38. Bg7 h5 39. Bf8+ Kd5 40. Be7 g4 41.
Rd7+ Ke5 42. Bd6+ Kf6 43. Be7+ Kg6 44. Ra7 gxf3 45. Bc5 Rxg2+ 46. Kh1 Be2 47. h4
f2 0-1

[Event "QA-ANNIV-05"]
[Site "http://www.queenalice.com/game.php?id=983058"]
[Date "2011.9.9"]
[Round "10"]
[White "Mutreta"]
[Black "killtochess"]
[Result "1-0"]
[WhiteElo "2106"]
[BlackElo "2085"]

1. e4 b6 2. d4 Bb7 3. Bd3 e6 4. Nf3 d5 5. exd5 exd5 6. O-O Nf6 7. Bg5 Be7 8. Re1
O-O 9. Nbd2 Ne4 10. Bxe7 Qxe7 11. c4 f5 12. cxd5 Bxd5 13. Bc4 Bxc4 14. Nxc4 Qd8
15. b3 Nc6 16. a3 Kh8 17. Rc1 Qd5 18. Ne3 Qd6 19. Nxf5 Nxf2 20. Nxd6 Nxd1 21.
Rxc6 cxd6 22. Rxd1 1-0